LEADER 01692nam--2200457---450- 001 990000336000203316 005 20110114141502.0 010 $a3-7713-0566-7 035 $a0033600 035 $aUSA010033600 035 $a(ALEPH)000033600USA01 035 $a0033600 100 $a20010206d1998----km-y0itay0103----ba 101 0 $ager 102 $aDE 105 $a||||||||001yy 200 1 $aGemeinschaftsbildung mit dem pazifischen Asien$eein Bericht an die Trilaterale Kommission$fautoren: Charles E. Morrison, Akira Kojima, Hanns W. Maull 210 $aBonn$cEuropa Union Verlag$d1998 215 $aXI, 121 p.$d21 cm 225 2 $aArbeitspapiere zur internationalen Politik$iSchwerkpunkt Asien, Pazific$v101 300 $aSulla cop.: Forschungsinstitut der Deutschen Gesellschaft für Auswärtige Politik e.V. 410 0$12001$aArbeitspapiere zur internationalen Politik$iSchwerkpunkt Asien, Pazific$v101 606 $aPolitica internazionale$yAsia 676 $a327.5 700 1$aMORRISON,$bCharles E.$0542890 701 1$aKOJIMA,$bAkira$0542891 702 1$aMAULL,$bHnaas W. 801 0$aIT$bsalbc$gISBD 912 $a990000336000203316 951 $aXXIII.2.D. 486 (IG VIII 10 711)$b23102 G.$cXXIII.2.D.$d00001313 959 $aBK 969 $aGIU 979 $aTAMI$b40$c20010206$lUSA01$h1640 979 $aTAMI$b40$c20010206$lUSA01$h1644 979 $aTAMI$b40$c20010206$lUSA01$h1647 979 $c20020403$lUSA01$h1641 979 $aPATRY$b90$c20040406$lUSA01$h1623 979 $aRSIAV2$b90$c20091015$lUSA01$h1108 979 $aCAPRI$b90$c20110114$lUSA01$h1415 996 $aGemeinschaftsbildung mit dem pazifischen Asien$9878099 997 $aUNISA LEADER 01066nam0-2200361---450 001 990005718560203316 005 20190403125010.0 035 $a000571856 035 $aUSA01000571856 035 $a(ALEPH)000571856USA01 035 $a000571856 100 $a20070618d1986----|||y0itaa50------ba 101 $afre 102 $afr 105 $a0 00||| 200 1 $a<> vie quotidienne de la mafia de 1950 à nos jours$fFabrizio Calvi$gpréface de Leonardo Sciascia 210 $a[Paris]$cHachette$d1986 215 $a311 p.$d20 cm. 606 $aMafia$xSec. 20.$2F 676 $a364.9 700 1$aCALVI,$bFabrizio$0527091 702 1$aSCIASCIA,$bLeonardo 801 0$aIT$bSA$c20111219 912 $a990005718560203316 950 0$aDipar.to di Filosofia - Salerno$dDFCC 364.9 CAL$e2022 FIL 951 $aCC 364.9 CAL$b2022 FIL 959 $aBK 969 $aFIL 979 $c20121027$lUSA01$h1526 979 $c20121027$lUSA01$h1615 996 $aVie quotidienne de la mafia de 1950 à nos jours$91083583 997 $aUNISA NUM $aSA0020902